Elements of water resources engineering / (Record no. 131734)

MARC details
000 -LEADER
fixed length control field 00757nam a22002417a 4500
005 - DATE AND TIME OF LATEST TRANSACTION
control field 20170124110138.0
010 ## - LIBRARY OF CONGRESS CONTROL NUMBER
LC control number A-821400
020 ## - INTERNATIONAL STANDARD BOOK NUMBER
Terms of availability 00.00
International Standard Book Number 8122408079
035 ## - SYSTEM CONTROL NUMBER
System control number A-821400
037 ## - SOURCE OF ACQUISITION
Source of stock number/acquisition Cen Lib/Ret
040 ## - CATALOGING SOURCE
Original cataloging agency DPL
Language of cataloging EN
082 ## - DEWEY DECIMAL CLASSIFICATION NUMBER
Classification number 628.11
Item number DUG
100 ## - MAIN ENTRY--PERSONAL NAME
Personal name Duggal, K.N.
9 (RLIN) 32616
245 ## - TITLE STATEMENT
Title Elements of water resources engineering /
Statement of responsibility, etc by K.N.Duggal [and] J.P.Soni
260 ## - PUBLICATION, DISTRIBUTION, ETC. (IMPRINT)
Name of publisher, distributor, etc New Age International Limited Publishers
Date of publication, distribution, etc 1996
Place of publication, distribution, etc New Delhi
270 ## - ADDRESS
Address 4835/24, Ansari Road, Daryaganj
City New Delhi
Postal code 110002
300 ## - PHYSICAL DESCRIPTION
Extent xv,588p. :
Dimensions 22cm(Hb)
Other physical details ill.
500 ## - GENERAL NOTE
General note Includes index
650 ## - SUBJECT ADDED ENTRY--TOPICAL TERM
Topical term or geographic name as entry element Water-supply engineering
9 (RLIN) 32617
650 ## - SUBJECT ADDED ENTRY--TOPICAL TERM
Topical term or geographic name as entry element Dams
9 (RLIN) 16893
700 ## - ADDED ENTRY--PERSONAL NAME
Personal name Soni, J.P.
9 (RLIN) 32618
942 ## - ADDED ENTRY ELEMENTS (KOHA)
Source of classification or shelving scheme Dewey Decimal Classification
Koha item type English Books
Classification part 628.11
Call number suffix DUG
Holdings
Withdrawn status Lost status Damaged status Not for loan Home library Current library Date acquired Source of acquisition Cost, normal purchase price Total Checkouts Total Renewals Full call number Barcode Date last seen Date checked out Copy number Cost, replacement price Price effective from Koha item type
        Central Library Central Library 15/07/2015 Cen Lib/Ret 0.00 3 3 628.11 DUG A-821400 20/07/2022 20/07/2022 1 0.00 15/07/2015 English Books

© Delhi Public Library
Hit Counter
free hit counter